The unappeasable price of appeasement
Saved in:
| Main Author: | |
|---|---|
| Format: | Book |
| Language: | English |
| Published: |
Book Craft
2011
|
| Tags: |
Add Tag
No Tags, Be the first to tag this record!
|
MARC
| LEADER | 00000nam a22000007a 4500 | ||
|---|---|---|---|
| 008 | 201204b ||||| |||| 00| 0 eng d | ||
| 020 | |a 978-978-8135-23- 4 | ||
| 100 | |a SOYINKA, Wole. | ||
| 245 | |a The unappeasable price of appeasement |e Interventions |g . xxv, 116p | ||
| 260 | |b Book Craft |c 2011 |h Ibadan |i 676364 |l PR9387.9 .S6So9 | ||
| 942 | |a lcc |c BK |e Mrs Ogunmilade Florence Titilayo |f 4/12/2020 | ||
| 952 | |0 0 |1 0 |2 lcc |4 0 |6 PR93879 S6 S O9 |7 0 |9 143 |a HOL |b HOL |c LP |d 2020-12-07 |l 0 |o PR9387.9 .S6So9 |p 2020-0097 |r 2020-12-07 00:00:00 |w 2020-12-07 |y BK | ||
| 999 | |c 17 |d 17 | ||